00343nam a2200121Ia 4500008004100000041000800041082001900049100001500068245006200083260004000145300001900185999001700204241015s9999 xx 000 0 und d aeng a330.015195 WOO aWooldridge aIntroductory Econometrics: A Modern Approach With Mindtap bCengage Learning IndiaaDehlic2020 a826;. P. 25 cm c41815d41815